00483nam a22001457a 4500003000500000038001800005082000800023100001600031245012100047264003500168300002400203650002100227700003200248856005700280NUST aNusrat Nadeem a200 aAmeer, Huma aCo-occuring Disfluencies in Stuttered Speech Detection and Classification via Deep Learning Framework/cHuma Ameer,  aIslamabad;bSEECS NUST;c2024. a97,p;bill;c30,cm. aMS-Data Science  aSupervisor: Dr Seemab Latif uhttp://10.250.8.41:8080/xmlui/handle/123456789/46162